000 00968nam a2200241Ia 4500
003 OSt
005 20220923222057.0
006 a|||||r|||| 00| 0
007 ta
008 220922b |||||||| |||| 00| 0 hin d
024 _a202,900
037 _cTextual
040 _aARTS
_cARTS
_bhin
041 _2hin
_ahin
082 _aO157,3NO9,1, 152L1
100 _aआशापूर्णा; तिवारी, हंसकुमार, उपन्यास, अनु.
_9165860
245 0 _aयुगे युगे प्रेमःनारी जीवन का मार्मिक बंगला
246 _aYuge.yuge prehinnārī jīvan kā mārmik bangalā
260 _c1969
650 _aबंगाली साहित्य
_9156264
942 _hO157,3NO9,1, 152L1
_cTEXL
_2CC
999 _c353701
_d353701